The Legend of Zelda: Breath of the Wild Creatures - Statistics

General Stats
  • This quiz has been taken 106 times
    55 since last reset
  • The average score is 14 of 83
Answer Stats
Compendium # Animal % Correct
1 Horse
84%
2 Giant Horse
42%
3 White Horse
37%
6 Donkey
35%
4 Lord of the Mountain
33%
5 Stalhorse
30%
28 Hylian Retriever
26%
68 Summerwing Butterfly
26%
29 Blupee
23%
47 Cucco
23%
79 Hot-Footed Frog
23%
48 Hyrule Bass
23%
72 Warm Darner
23%
60 Armoured Porgy
21%
71 Cold Darner
21%
73 Electric Darner
21%
81 Hightail Lizard
21%
26 Honeyvore Bear
21%
12 Mountain Goat
21%
67 Winterwing Butterfly
21%
19 Grassland Fox
19%
27 Grizzlemaw Bear
19%
17 Hateno Cow
19%
82 Hearty Lizard
19%
11 Red-Tusked Boar
19%
7 Sand Seal
19%
45 Seagull
19%
70 Smotherwing Butterfly
19%
16 Water Buffalo
19%
10 Woodland Boar
19%
42 Blue-Winged Heron
16%
46 Eldin Ostrich
16%
83 Fireproof Lizard
16%
35 Golden Sparrow
16%
49 Hearty Bass
16%
64 Ironshell Crab
16%
59 Mighty Porgy
16%
37 Rainbow Pigeon
16%
50 Staminoka Bass
16%
24 Tabantha Moose
16%
69 Thunderwing Butterfly
16%
22 Wasteland Coyote
16%
13 White Goat
16%
39 White Pigeon
16%
57 Armoured Carp
14%
32 Blue Sparrow
14%
9 Bushy-Tailed Squirrel
14%
30 Common Sparrow
14%
66 Fairy
14%
56 Mighty Carp
14%
14 Mountain Buck
14%
40 Mountain Crow
14%
15 Mountain Doe
14%
8 Patricia
14%
33 Rainbow Sparrow
14%
53 Sizzlefin Trout
14%
20 Snowcoat Fox
14%
75 Bladed Rhino Beetle
12%
23 Cold-Footed Wolf
12%
25 Great-Horned Rhinoceros
12%
51 Hearty Salmon
12%
38 Hotfeather Pigeon
12%
21 Maraudo Wolf
12%
43 Pink Heron
12%
63 Razorclaw Crab
12%
31 Red Sparrow
12%
74 Restless Cricket
12%
34 Sand Sparrow
12%
58 Sanke Carp
12%
78 Sunset Firefly
12%
80 Tireless Frog
12%
54 Voltfin Trout
12%
36 Wood Pigeon
12%
41 Bright-Chested Duck
9%
65 Bright-Eyed Crab
9%
52 Chillfin Trout
9%
77 Energetic Rhino Beetle
9%
18 Highland Sheep
9%
76 Rugged Rhino Beetle
9%
55 Stealthfin Trout
9%
62 Hearty Blueshell Snail
7%
44 Islander Hawk
7%
61 Sneaky River Snail
2%
No matching quizzes found
Score Distribution
Percent of People with Each Score
Percentile by Number Answered
Your Score History
You have not taken this quiz since the last reset